BUBT Library Online Catalog

Independence of Bangladesh in 266 Days : (Record no. 6155)

000 -LEADER
fixed length control field 00608nam a22001937a 4500
003 - CONTROL NUMBER IDENTIFIER
control field BUBTL
008 - FIXED-LENGTH DATA ELEMENTS--GENERAL INFORMATION
fixed length control field 191116b xxu||||| |||| 00| 0 eng d
020 ## - INTERNATIONAL STANDARD BOOK NUMBER
International Standard Book Number 984-32-0858-7
082 ## - DEWEY DECIMAL CLASSIFICATION NUMBER
Classification number 954.92 / QUI
100 ## - MAIN ENTRY--PERSONAL NAME
9 (RLIN) 2459
Personal name Quadir, Muhammad Nurul
245 ## - TITLE STATEMENT
Title Independence of Bangladesh in 266 Days :
Remainder of title History And Documentary Evidence /
Statement of responsibility, etc. Muhammad Nurul Quadir
250 ## - EDITION STATEMENT
Edition statement 4th ed.
260 ## - PUBLICATION, DISTRIBUTION, ETC. (IMPRINT)
Place of publication, distribution, etc. Dhaka :
Name of publisher, distributor, etc. Mukto Publishers,
Date of publication, distribution, etc. 11-09-2012
300 ## - PHYSICAL DESCRIPTION
Extent 804 p. :
Dimensions 28 cm.
650 #0 - SUBJECT ADDED ENTRY--TOPICAL TERM
9 (RLIN) 2460
Topical term or geographic name as entry element Freedom Fight
856 ## - ELECTRONIC LOCATION AND ACCESS
Password 0
Logon 0
Link text Download
942 ## - ADDED ENTRY ELEMENTS (KOHA)
Source of classification or shelving scheme
Koha item type Books
Holdings
Withdrawn status Lost status Source of classification or shelving scheme Damaged status Not for loan Collection code Permanent location Current location Shelving location Date acquired Inventory number Total Checkouts Full call number Barcode Date last seen Copy number Price effective from Koha item type
          Non-fiction Bangladesh University of Business and Technology Library Bangladesh University of Business and Technology Library   09/11/2012 13951   954.92 / QUI BUBTL-200313951 11/16/2019 C-1 11/16/2019 Books
          Non-fiction Bangladesh University of Business and Technology Library Bangladesh University of Business and Technology Library   09/11/2012 13952   954.92 / QUI BUBTL-200313952 11/16/2019 C-2 11/16/2019 Books

More Information About Library

Library Hours

  • Open: 9.00 am. to 9.00 pm.
  • Only Sunday: 9.00 am. to 6.00 pm.
  • Closed: Holiday

Contact to the University

Bangladesh University of Business and Technology Library

  • Mirpurl-2, 1216.
  • Phone:
  • Fax:
  • E-Mail: admin.library@bubt.edu.bd

Contact to the Library

Contact Person:

Md. Abdul Hakim Shah
Joint Librarian
PABX No:  113
Cell No: 01816332931
E-mail: official: admin.library@bubt.edu.bd
Personal: hakim.shah@bubt.edu.bd


BUBT Library

Copyright © 2021